Trouvez le joueur de foot #2 - Statistiques

Statistiques générales
  • Ce quiz a été pris 174 fois
  • Le résultat moyen est 9 sur 15
Statistiques - réponses
Pays Numéro Club Réponse % Correct
🇳🇬 9 Napoli Victor Osimhen
84%
🇫🇷 8 Lazio Rome Mattéo Guendouzi
82%
🇺🇾 9 Inter Miami Luis Suárez
81%
🇸🇳 10 Al-Nassr Sadio Mané
79%
🇵🇹 2 FC Barcelone João Cancelo
76%
🇮🇹 20 Arsenal Jorginho
72%
🏴󠁧󠁢󠁥󠁮󠁧󠁿 10 Manchester United Marcus Rashford
68%
🇵🇹 25 PSG Nuno Mendes
68%
🇩🇰 11 Manchester United Rasmus Højlund
61%
🇫🇷 10 LOSC Lille Rémy Cabella
59%
🏴󠁧󠁢󠁥󠁮󠁧󠁿 20 Chelsea Cole Palmer
54%
🇫🇷 24 Real Sociedad Robin Le Normand
53%
🇨🇴 9 Rayo Vallecano Radamel Falcao
49%
🇩🇪 14 Borussia Dortmund Niclas Füllkrug
19%
🇩🇪 6 Union Berlin Robin Gosens
14%
Aucun quiz correspondant
Distribution des résultats
% des personnes avec chaque résultat
Percentile par nombre de réponses
Votre historique - résultats
Vous n’avez pas pris ce quiz